Nueva gramática de la lengua española / (Record no. 177818)

MARC details
000 -LEADER
campo de control de longitud fija 01325nam a2200313 i 4500
001 - NÚMERO DE CONTROL
campo de control 177818
003 - IDENTIFICADOR DE NÚMERO DE CONTROL
campo de control ES-MaACL
005 - FECHA Y HORA DE LA ÚLTIMA TRANSACCIÓN
campo de control 20240306063008.0
008 - DATOS DE LONGITUD FIJA--INFORMACIÓN GENERAL
campo de control de longitud fija 110428s2009 sp |||| | spa d
017 ## - NÚMERO DE COPYRIGHT O DE DEPÓSITO LEGAL
Número de copyright o de depósito legal M 45262-2009
Agencia que asigna Oficina Depósito Legal Madrid
020 ## - NÚMERO INTERNACIONAL ESTÁNDAR DEL LIBRO
Número Internacional Estándar del Libro 9788467032079
040 ## - FUENTE DE CATALOGACIÓN
Centro/agencia transcriptor ES-MaACL
080 ## - NÚMERO DE LA CLASIFICACIÓN DECIMAL UNIVERSAL
Número de la Clasificación Decimal Universal 811.134.2'36
245 00 - MENCIÓN DEL TÍTULO
Título Nueva gramática de la lengua española /
Mención de responsabilidad, etc. Real Academia Española, Asociación de Academias de la Lengua Española.
264 #4 - PRODUCCIÓN, PUBLICACIÓN, DISTRIBUCIÓN, FABRICACIÓN Y COPYRIGHT
Producción, publicación, distribución, fabricación y copyright Madrid :
Nombre del de productor, editor, distribuidor, fabricante Espasa Libros,
Fecha de producción, publicación, distribución, fabricación o copyright [2009]
300 ## - DESCRIPCIÓN FÍSICA
Extensión 2 volúmenes (LIV, 3885 páginas.) ;
Dimensiones 25 cm
500 ## - NOTA GENERAL
Nota general Índice
505 80 - NOTA DE CONTENIDO CON FORMATO
Nota de contenido con formato 1. Morfología ; Sintaxis I -- 2. Sintaxis II
650 #4 - PUNTO DE ACCESO ADICIONAL DE MATERIA--TÉRMINO DE MATERIA
Término de materia o nombre geográfico como elemento de entrada Lengua española-
Subdivisión general Gramática
9 (RLIN) 14161
710 2# - ENTRADA AGREGADA--NOMBRE DE ENTIDAD CORPORATIVA
Nombre de entidad corporativa o nombre de jurisdicción como elemento de entrada Real Academia Española
9 (RLIN) 6336
Término indicativo de función/relación entidad responsable
710 2# - ENTRADA AGREGADA--NOMBRE DE ENTIDAD CORPORATIVA
Nombre de entidad corporativa o nombre de jurisdicción como elemento de entrada Asociación de Academias de la Lengua Española.
9 (RLIN) 1548
Término indicativo de función/relación entidad responsable
852 ## - LOCALIZACIÓN
Ubicación ES-MaACL
Sublocalización o colección R. 145708
Ubicación en estantería Depósito 1
Signatura antigua Olim: N-4118
Donativo/Legado Donación: Editorial
Número de control de estantería A-11113
Encuadernación Cartoné
itemnumber 184673
852 ## - LOCALIZACIÓN
Ubicación ES-MaACL
Sublocalización o colección R.145708
Ubicación en estantería Depósito 1
Signatura antigua Olim: N-4119
Donativo/Legado Donación: Editorial
Número de control de estantería A-11114
Encuadernación Cartoné
itemnumber 200477
852 ## - LOCALIZACIÓN
Ubicación ES-MaACL
Ubicación en estantería Depósito J
Donativo/Legado Donación: Editorial
Número de control de estantería N-8385
Encuadernación Cartoné
itemnumber 200058
852 ## - LOCALIZACIÓN
Ubicación ES-MaACL
Ubicación en estantería Depósito 1
Donativo/Legado Donación: Editorial
Número de control de estantería N-8386
Encuadernación Cartoné
itemnumber 200057
942 ## - ELEMENTOS DE ENTRADA SECUNDARIOS (KOHA)
Tipo de ítem Koha Libro impreso
Suprimir en OPAC No
Holdings
Estatus retirado Estado de pérdida Fuente del sistema de clasificación o colocación Estado de daño No para préstamo Biblioteca de origen Biblioteca actual Ubicación en estantería Fecha de adquisición Fuente de adquisición Enumeración/cronología de publicación seriada Total de préstamos Signatura topográfica completa Código de barras Visto por última vez Tipo de ítem Koha Restricciones de uso Número de inventario
    Clasificación decimal universal     Biblioteca del Ateneo de Madrid Biblioteca del Ateneo de Madrid Depósito 1 28/04/2011 Donación Vol. 1   A-11113 1186802 23/02/2023 Libro impreso    
    Clasificación decimal universal     Biblioteca del Ateneo de Madrid Biblioteca del Ateneo de Madrid Depósito J 06/03/2023 Donación Vol. 2   N-8386 101205355 19/05/2023 Libro impreso Duplicado R.154396
    Clasificación decimal universal     Biblioteca del Ateneo de Madrid Biblioteca del Ateneo de Madrid Depósito J 06/03/2023 Donación Vol. 1   N-8385 101205354 19/05/2023 Libro impreso Duplicado R.154396
    Clasificación decimal universal     Biblioteca del Ateneo de Madrid Biblioteca del Ateneo de Madrid Depósito 1 28/08/2023 Donación Vol. 2   A-11114 101205771 28/08/2023 Libro impreso